000 00811nam a2200265Ia 4500
003 OSt
005 20220918225548.0
006 a|||||r|||| 00| 0
007 ta
008 220917b |||||||| |||| 00| 0 eng d
020 _c150
024 _a242,630
037 _bM/2008/27, 11/09/2008, Mukta Dhara
_cTextual
040 _aARTS
_cARTS
_beng
041 _2eng
_aeng
082 _aO157,3N26x, 111N3
100 _aMahasweta Devi
245 0 _aImaginary maps
260 _aCalcutta
_bThema India
_c1993
300 _axxvii, 210p.
_ccm.
650 _aENGLISH LITERATURE
700 _a Spivak Gayatri Chakravorty Tr.
_925250
942 _hO157,3N26x, 111N3
_cTEXL
_2CC
999 _c285049
_d285049